000 04484nam a22004217a 4500
005 20100217110556.0
010 _aHIN-89041
020 _c150.00
035 _aHN-61387
035 _aB-393372-386
037 _bदीपू बुक्स/PUB
082 _a822
100 _aआग़ा हश्र काश्मीरी
_921535
245 _aहवस का पुतला /
_cआग़ा हश्र काश्मीरी;कृष्णदेव झारी द्वारा अनुदित एवं संपादित
246 _aHavas ka putla
_bby Agha Hashra Kashmiri; Tran & Ed by Krishandev Jhari
260 _aनई दिल्ली
_bदीपू बुक्स
_c2009
270 _a16/ एफ-3, अंसारी रोड, दरियागंज
_bनई दिल्ली
_e110002
300 _a118पृ
_c22सेमी (सजिल्द)
700 _aझारी, कृष्णदेव
_921536
942 _2ddc
_cHN
_mआग़ाह
_h822
999 _c34044
_d34044